| 000 -LEADER |
| fixed length control field |
00523nam a2200181Ia 4500 |
| 020 ## - INTERNATIONAL STANDARD BOOK NUMBER |
| ISBN |
4805306505 (for sale in Japan only) |
| 020 ## - INTERNATIONAL STANDARD BOOK NUMBER |
| ISBN |
0804833273 |
| 040 ## - CATALOGING SOURCE |
| Transcribing agency |
SNN |
| 041 1# - LANGUAGE CODE |
| Language code of original and/or intermediate translations of text |
jpn |
| 082 ## - DEWEY DECIMAL CLASSIFICATION NUMBER |
| Classification number |
895 TUT 2006 A120 Or. |
| 100 1# - MAIN ENTRY--AUTHOR NAME |
| Personal name |
Sumii, Sue, |
| 245 14 - TITLE STATEMENT |
| Title |
The river with no bridge / |
| 260 ## - PUBLICATION, DISTRIBUTION, ETC. (IMPRINT) |
| Place of publication |
Clarendon, Vt. : |
| Name of publisher |
Tuttle Publishing, |
| Year of publication |
[2006?], c1989 |
| 300 ## - PHYSICAL DESCRIPTION |
| Number of Pages |
xiv, 359 p. ; |
| Dimensions |
21 cm |
| 500 ## - GENERAL NOTE |
| General note |
"First Tuttle edition, 1990"--t.p. verso |
| 500 ## - GENERAL NOTE |
| General note |
Translation of v. 1 of: Hashi no nai kawa |
| 942 ## - ADDED ENTRY ELEMENTS (KOHA) |
| Koha item type |
សៀវភៅភាសាអង់គ្លេស |
| 952 ## - LOCATION AND ITEM INFORMATION (KOHA) |
| Withdrawn status [LOCAL, KOHA] |
0 |